| 000 | 00552nab a2200145Ia 4500 | ||
|---|---|---|---|
| 003 | ES-SlBCS | ||
| 005 | 20210601123822.0 | ||
| 008 | 140529s2002 xxu||||| |||| 00| 0 cat d | ||
| 041 | _acat | ||
| 100 | 1 |
_aJuher, Cristina _9130080 |
|
| 245 | 0 | 0 |
_aLa frontera entre lingüística i història literària en els erudits castalans del segle XVIII. El cas particular de Josep de Móra, marquès de Llió _c Cristina Juher |
| 650 | 0 | 4 |
_aLingüística-Historia Literaria _9130081 |
| 773 | 0 |
_tEstudi General _gnº. 22, 2002, págs. 103-124 _wRev1518 |
|
| 942 | _cAR | ||
| 999 |
_c504617 _d504617 |
||